Pit@a (Record no. 180911)

MARC details
000 -LEADER
campo de control de longitud fija 00983nam a2200253 i 4500
001 - NÚMERO DE CONTROL
campo de control 180911
003 - IDENTIFICADOR DE NÚMERO DE CONTROL
campo de control ES-MaACL
005 - FECHA Y HORA DE LA ÚLTIMA TRANSACCIÓN
campo de control 20230906221220.0
007 - CAMPO FIJO DE DESCRIPCIÓN FÍSICA--INFORMACIÓN GENERAL
campo de control de longitud fija t|
008 - DATOS DE LONGITUD FIJA--INFORMACIÓN GENERAL
campo de control de longitud fija 120828s2004 it a |||| | ita d
020 ## - NÚMERO INTERNACIONAL ESTÁNDAR DEL LIBRO
Número Internacional Estándar del Libro 88-88141-87-1
080 ## - NÚMERO DE LA CLASIFICACIÓN DECIMAL UNIVERSAL
Número de la Clasificación Decimal Universal 72.025.4
100 1# - ENTRADA PRINCIPAL--NOMBRE DE PERSONA
Nombre de persona Iovino, Renato.
9 (RLIN) 151355
245 10 - MENCIÓN DEL TÍTULO
Título Pit@a
Resto del título : progettazione integrata tecnologie innovative architettura e ambiente : l'attività del Master /
Mención de responsabilidad, etc. a cura di Renato Iovino, Flavia Fascia, Ciro Varriale.
260 ## - PUBLICACIÓN, DISTRIBUCIÓN, ETC.
Lugar de publicación, distribución, etc. Napoli :
Nombre del editor, distribuidor, etc. Luciano,
Fecha de publicación, distribución, etc. 2004.
300 ## - DESCRIPCIÓN FÍSICA
Extensión 47 p. :
Otras características físicas il. ;
Dimensiones 21 cm +
Material acompañante/anejo 1 CD-ROM.
594 ## - Nota al título y mención de responsabilidad
Nota al título y mención de responsabilidad Precede al título: Dipartamento Ingegneria Edile, Università degli studi di Napoli Federico II Fosvi, Consorzio per la formazione e lo sviluppo.
650 #4 - PUNTO DE ACCESO ADICIONAL DE MATERIA--TÉRMINO DE MATERIA
Término de materia o nombre geográfico como elemento de entrada Arquitectura-
Subdivisión general Restauración.
9 (RLIN) 142939
700 1# - ENTRADA AGREGADA--NOMBRE PERSONAL
Nombre de persona Fascia, Flavia.
9 (RLIN) 151356
700 1# - ENTRADA AGREGADA--NOMBRE PERSONAL
Nombre de persona Varriale, Ciro.
9 (RLIN) 151357
710 2# - ENTRADA AGREGADA--NOMBRE DE ENTIDAD CORPORATIVA
Nombre de entidad corporativa o nombre de jurisdicción como elemento de entrada Università di Napoli.
9 (RLIN) 158416
852 ## - LOCALIZACIÓN
Ubicación ES-MaACL
Número de control de estantería 2124-F-1
852 ## - LOCALIZACIÓN
Ubicación ES-MaACL
Número de control de estantería ROT 6/2/12
Holdings
Estatus retirado Estado de pérdida Estado de daño No para préstamo Colección Biblioteca de origen Biblioteca actual Ubicación en estantería Fecha de adquisición Fuente de adquisición Total de préstamos Signatura topográfica completa Código de barras Visto por última vez Precio de reemplazo Tipo de ítem Koha
        Colección de folletos Biblioteca del Ateneo de Madrid Biblioteca del Ateneo de Madrid Depósito folletos 28/08/2012     2124-F-1 1190108 23/02/2023 23/02/2023 Folleto
          Biblioteca del Ateneo de Madrid Biblioteca del Ateneo de Madrid Depósito 14/05/2018     ROT 6/2/12 1198839 23/02/2023 23/02/2023 Libro impreso